Draco Malfoy Quiz! - Statistics

General Stats
  • This quiz has been taken 828 times
  • The average score is 9 of 15
Answer Stats
Questions Answer % Correct
His school house Slytherin
89%
School he attends Hogwarts
88%
Enemy Harry Potter
86%
Fathers name Lucius Malfoy
81%
Mothers name Narcissa Malfoy
75%
Aunts name Bellatrix Lestrange
73%
Full name Draco Lucius Malfoy
66%
Head of his house Severus Snape
64%
Where he lives Malfoy Manor
60%
Sons name Scorpius Malfoy
60%
Wifes name Astoria Greengrass
48%
Core of his wand Unicorn hair
38%
Hair colour Platinum Blonde
23%
His boggart His Father
14%
Date of birth 5th June 1980
10%
No matching quizzes found
Score Distribution
Percent of People with Each Score
Percentile by Number Answered
Your Score History
You have not taken this quiz